| 000 -LEADER |
| fixed length control field |
00440nam a22001577a 4500 |
| 008 - FIXED-LENGTH DATA ELEMENTS--GENERAL INFORMATION |
| fixed length control field |
200324b ||||| |||| 00| 0 eng d |
| 082 00 - DEWEY DECIMAL CLASSIFICATION NUMBER |
| Classification number |
621.38132 |
| Item number |
A793 |
| 100 ## - MAIN ENTRY--PERSONAL NAME |
| 9 (RLIN) |
2779 |
| Personal name |
Arumugam, M. |
| 245 10 - TITLE STATEMENT |
| Title |
Electric circuit theory / |
| 250 ## - EDITION STATEMENT |
| Edition statement |
1st ed. |
| 260 ## - PUBLICATION, DISTRIBUTION, ETC. (IMPRINT) |
| Place of publication, distribution, etc |
Delhi |
| Name of publisher, distributor, etc |
Khanna Publications |
| Date of publication, distribution, etc |
1979 |
| 300 ## - PHYSICAL DESCRIPTION |
| Extent |
349 p. |
| 650 #0 - SUBJECT ADDED ENTRY--TOPICAL TERM |
| Topical term or geographic name as entry element |
Electric circuits |
| 700 ## - ADDED ENTRY--PERSONAL NAME |
| 9 (RLIN) |
2780 |
| Personal name |
Premakumaran, N. |
| 942 ## - ADDED ENTRY ELEMENTS (KOHA) |
| Item type |
Books |